Modelování a projektování systémů řízení

Gespeichert in:
Bibliographische Detailangaben
1. Verfasser: Smola, Stanislav
Körperschaft: Vysoká škola ekonomická v Praze. Fakulta řízení
Format: Buch
Sprache:Tschechisch
Veröffentlicht: Praha Státní pedagogické nakladatelství 1987
Ausgabe:3. přeprac. vyd.
Tags: Tag hinzufügen
Keine Tags, Fügen Sie das erste Tag hinzu!

MARC

LEADER 00000nam a2200000 4500
001 c030461
005 20221219102952.6
041 0 |a cze 
044 |a CZ 
245 1 0 |a Modelování a projektování systémů řízení  |c Stanislav Smola 
250 |a 3. přeprac. vyd. 
264 1 |a Praha  |b Státní pedagogické nakladatelství  |c 1987 
300 |a 137 s. 
100 1 |a Smola, Stanislav 
710 2 |a Vysoká škola ekonomická v Praze. Fakulta řízení